La madre /

Guardado en:
Autor Principal: Gorki, Máximo
Formato: Libro
Publicado: Madrid : Club Internacional del libro, 1998
Materias:
Etiquetas: Agregar Etiqueta
Sin Etiquetas, Sea el primero en etiquetar este registro!
LEADER 00576nam a22002175a 4500
001 CEM.cems016991
005 20101124164736.0
008 130507s1998##################000#0#####d
003 CEMS
020 |a 8482651781 
082 0 4 |a 891.733 
100 1 |a Gorki, Máximo 
245 1 0 |a La madre /  |c Máximo Gorki, 
260 |a Madrid :  |b Club Internacional del libro,  |c 1998 
300 |a 352 p. 
653 |a Literatura 
653 |a Literatura rusa 
653 |a Novelas 
653 |a Novela rusa 
653 |a Narrativa 
859 |a CEMS  |b BIB. CEMS - Agricultura  |h 891.733  |i G677  |p A0140.00  |t Ej.1